00342nam a2200133Ia 4500008004100000041000800041082001600049100002600065245004500091260002200136300000800158365001600166700002600182230718s9999 xx 000 0 und d aeng a005.74bKRI aKrishna S.J. (Editor) aData Warehousing Trends And Perspectives c2004bICFAI Books a178 cRs.b350.00 aKrishna S.J. (Editor)